Los 250 fichajes más caros de la historia del fútbol - Estadísticas

Estadísticas generales
  • Esta prueba ha sido intentada 560 veces
  • La puntuación promedio es 154 de 250
Estadísticas de respuestas
Coste (M €) Temporada Nacionalidad Último club Nuevo club Jugador % Correcto
222,00 2017-2018 Brasil FC Barcellona PSG Neymar
98%
90,00 2023-2024 Brasil PSG Al-Hilal Neymar
98%
88,00 2013-2014 Brasil Santos FC Barcellona Neymar
98%
117,00 2018-2019 Portugal Real Madrid Juventus Cristiano Ronaldo
97%
94,00 2009-2010 Portugal Manchester United Real Madrid Cristiano Ronaldo
97%
180,00 2018-2019 Francia Mónaco PSG Kylian Mbappé
97%
135,00 2017-2018 Francia Borussia Dortmund FC Barcellona Ousmane Dembélé
96%
50,00 2023-2024 Francia FC Barcelona PSG Ousmane Dembélé
96%
135,00 2017-2018 Brasil Liverpool FC Barcellona Philippe Coutinho
95%
127,20 2019-2020 Portugal Benfica Atlético Madrid João Félix
94%
103,00 2023-2024 Inglaterra Borussia Dortmund Real Madrid Jude Bellingham
94%
120,00 2019-2020 Francia Atlético Madrid FC Barcellona Antoine Griezmann
93%
121,00 2022-2023 Argentina Benfica Chelsea Enzo Fernández
93%
44,25 2022-2023 Argentina River Plate Benfica Enzo Fernández
93%
101,00 2013-2014 Gales Tottenham Real Madrid Gareth Bale
93%
120,80 2019-2020 Bélgica Chelsea Real Madrid Eden Hazard
92%
113,00 2021-2022 Bélgica Inter Chelsea Romelu Lukaku
92%
84,70 2017-2018 Bélgica Everton Manchester United Romelu Lukaku
92%
74,00 2019-2020 Bélgica Manchester United Inter Romelu Lukaku
92%
86,00 2019-2020 Países Bajos Ajax FC Barcellona Frenkie de Jong
91%
95,00 20232024 Inglaterra Tottenham Bayern Múnich Harry Kane
91%
81,72 2014-2015 Uruguay Liverpool FC Barcellona Luis Suárez
91%
40,00 2023-2024 Países Bajos VfL Wolfsburgo Tottenham Micky van de Ven
91%
117,50 2021-2022 Inglaterra Aston Villa Manchester City Jack Grealish
90%
105,00 2016-2017 Francia Juventus Manchester United Paul Pogba
90%
95,00 2022-2023 Brasil Ajax Manchester United Antony
89%
116,00 2023-2024 Ecuador Brighton Chelsea Moisés Caicedo
89%
116,60 2023-2024 Inglaterra West Ham Arsenal Declan Rice
88%
85,50 2019-2020 Países Bajos Ajax Juventus Matthijs de Ligt
88%
67,00 2022-2023 Países Bajos Juventus Bayern Múnich Matthijs de Ligt
88%
90,00 2016-2017 Argentina Nápoles Juventus Gonzalo Higuaín
87%
39,00 2013-2014 Argentina Real Madrid Nápoles Gonzalo Higuaín
87%
90,00 2023-2024 Croacia RB Leipzig Manchester City Josko Gvardiol
87%
75,00 2014-2015 Argentina Real Madrid Manchester United Ángel Di María
86%
63,00 2015-2016 Argentina Manchester United PSG Ángel Di María
86%
75,00 2014-2015 Colombia Mónaco Real Madrid James Rodríguez
86%
45,00 2013-2014 Colombia Oporto Mónaco James Rodríguez
86%
76,00 2015-2016 Bélgica VfL Wolfsburgo Manchester City Kevin De Bruyne
85%
45,00 2002-2003 Brasil Inter Real Madrid Ronaldo
85%
68,00 2021-2022 Marruecos Inter PSG Achraf Hakimi
84%
43,00 2020-2021 Marruecos Real Madrid Inter Achraf Hakimi
84%
70,65 2022-2023 Brasil Real Madrid Manchester United Casemiro
84%
85,00 2022--2023 Uruguay Benfica Liverpool Darwin Núñez
84%
85,00 2021-2022 Inglaterra Borussia Dortmund Manchester United Jadon Sancho
84%
84,65 2017-2018 Países Bajos Southampton Liverpool Virgil van Dijk
84%
87,00 2019-2020 Inglaterra Leicester City Manchester United Harry Maguire
83%
95,00 2023-2024 Francia Eintracht PSG Randal Kolo Muani
83%
60,00 2022-2023 Noruega Borussia Dortmund Manchester City Erling Haaland
82%
70,00 2019-2020 España Atlético Madrid Manchester City Rodri
82%
77,50 2001-2002 Francia Juventus Real Madrid Zinédine Zidane
82%
69,50 2009-2010 Suecia Inter FC Barcelona Zlatan Ibrahimović
82%
67,80 2018-2019 Argelia Leicester City Manchester City Riyad Mahrez
81%
80,00 2022-2023 Francia Mónaco Real Madrid Aurélien Tchouaméni
80%
83,50 2021-2022 Serbia Fiorentina Juventus Dušan Vlahović
80%
70,00 2022-2023 Suecia Real Sociedad Newcastle United Alexander Isak
79%
80,60 2020-2021 Brasil FC Barcellona Juventus Arthur Melo
79%
88,00 2020-2021 Alemania Bayer Leverkusen Chelsea Kai Havertz
79%
75,00 2023-2024 Alemania Chelsea Arsenal Kai Havertz
79%
67,00 2009-2010 Brasil AC Milan Real Madrid Kaká
79%
80,00 2018-2019 España Athletic Chelsea Kepa Arrizabalaga
79%
60,00 2000-2001 Portugal FC Barcelona Real Madrid Luís Figo
78%
70,00 2022-2023 Ucrania Shakhtar D. Chelsea Mykhaylo Mudryk
77%
50,00 2017-2018 Portugal Mónaco Manchester City Bernardo Silva
76%
80,00 2019-2020 Costa de Marfil LOSC Lille Arsenal Nicolas Pépé
76%
65,00 2017-2018 Francia / España Athletic Manchester City Aymeric Laporte
75%
64,00 2018-2019 Estados Unidos Borussia Dortmund Chelsea Christian Pulisic
75%
64,50 2013-2024 Uruguay Nápoles PSG Edinson Cavani
75%
80,00 2019-2020 Francia Atlético Madrid Bayern Múnich Lucas Hernández
75%
45,00 2023-2024 Francia Bayern Múnich PSG Lucas Hernández
75%
66,00 2017-2018 España Real Madrid Chelsea Álvaro Morata
73%
55,00 2021-2022 España Manchester City FC Barcelona Ferran Torres
73%
63,00 2019-2020 Serbia Eintracht Real Madrid Luka Jović
73%
60,00 2020-2021 Bosnia y Herzegovina Juventus FC Barcelona Miralem Pjanic
73%
63,75 2017-2018 Francia / Gabon Borussia Dortmund Arsenal Pierre-Emerick Aubameyang
73%
71,60 2020-2021 Portugal Benfica Manchester City Rúben Dias
73%
60,00 2017-2018 Brasil / España Chelsea Atlético Madrid Diego Costa
72%
70,00 2023-2024 Hungría RB Leipzig Liverpool Dominik Szoboszlai
72%
65,30 2022-2023 España Brighton Chelsea Marc Cucurella
72%
58,00 2022-2023 Brasil Leeds FC Barcelona Raphinha
72%
62,50 2018-2019 Brasil AS Roma Liverpool Alisson
71%
65,00 2019-2020 Portugal Sporting Lisboa Manchester United Bruno Fernandes
71%
58,50 2010-2011 España Liverpool Chelsea Fernando Torres
71%
65,00 2019-2020 Portugal Juventus Manchester City João Cancelo
71%
40,40 2018-2019 Portugal Valencia CF Juventus João Cancelo
71%
63,70 2015-2016 Inglaterra Liverpool Manchester City Raheem Sterling
71%
56,20 2023-2024 Inglaterra Manchester City Chelsea Raheem Sterling
71%
43,00 2013-2014 Colombia Atlético Madrid Mónaco Radamel Falcao
70%
40,00 2011-2012 Colombia Oporto Atlético Madrid Radamel Falcao
70%
41,20 2016-2017 Senegal Southampton Liverpool Sadio Mané
70%
72,00 2018-2019 Francia Mónaco Atlético Madrid Thomas Lemar
70%
77,50 2020-2021 Nigeria LOSC Lille Nápoles Victor Osimhen
70%
57,37 2022-2023 Argentina Ajax Manchester United Lisandro Martínez
69%
42,00 2017-2018 Egipto AS Roma Liverpool Mohamed Salah
69%
73,90 2023-2024 Dinamarca Atalanta Manchester United Rasmus Højlund
69%
64,00 2023-2024 Italia AC Milan Newcastle United Sandro Tonali
69%
65,00 2023-2024 Portugal Benfica PSG Gonçalo Ramos
68%
47,50 2024-2025 Brasil Palmeiras Real Madrid Endrick
67%
52,00 2016-2017 Alemania FC SChalke 04 Manchester City Leroy Sané
67%
49,00 2020-2021 Alemania Manchester City Bayern Múnich Leroy Sané
67%
45,00 2022-2023 Polonia Bayern Múnich FC Barcelona Robert Lewandowski
67%
42,00 2012-2013 Brasil AC Milan PSG Thiago Silva
67%
50,00 2022-2023 Francia Sevilla FC FC Barcelona Jules Koundé
66%
45,00 2019-2020 Brasil Santos Real Madrid Rodrygo
66%
45,00 2018-2019 Brasil Flamengo Real Madrid Vinicius Junior
66%
42,50 2014-2015 Chile FC Barcelona Arsenal Alexis Sánchez
65%
40,00 2012-2013 España Athletic Bayern Múnich Javi Martínez
65%
50,00 2021-2022 Colombia Oporto Liverpool Luis Díaz
65%
60,00 2016-2017 Brasil Chelsea Shanghai SIPG Oscar
65%
41,00 2015-2016 Argentina US Palermo Juventus Paulo Dybala
65%
57,50 2017-2018 Francia Mónaco Manchester City Benjamin Mendy
64%
48,00 2019-2020 Francia Lyon Real Madrid Ferland Mendy
64%
60,00 2023-2024 Brasil Zenti Al-Hilal Malcom
64%
41,50 2019-2020 Brasil FC Barcelona Zenit Malcom
64%
41,00 2018-2019 Brasil G. Bordeos FC Barcelona Malcom
64%
64,20 2023-2024 Inglaterra Chelsea Manchester United Mason Mount
64%
55,00 2023-2024 Portugal Wolverhampton Al-Hilal Rúben Neves
64%
50,20 2023-2024 Camerún Inter Manchester United André Onana
63%
42,00 2015-2014 Colombia Atlético Madrid Guangzhou Evergrande Jackson Martínez
63%
60,00 2023-2024 Bélgica Stade Rennes Manchester City Jérémy Doku
62%
45,00 2019-2020 Croacia Real Madrid Chelsea Mateo Kovacic
62%
47,00 2013-2014 Alemania Real Madrid Arsenal Mesut Özil
62%
50,00 2020-2021 Ghana Atlético Madrid Arsenal Thomas Partey
62%
52,88 2001-2002 Italia AC Parma Juventus Gianluigi Buffon
61%
50,00 2023-2024 Corea del Sur Nápoles Bayern Múnich Min-jae Kim
61%
40,00 2011-2012 Argentina Atlético Madrid Manchester City Sergio Agüero
61%
40,00 2010-2011 España Valencia CF FC Barcelona David Villa
60%
40,00 2018-2019 Brasil Bayern Múnich Juventus Douglas Costa
60%
50,00 2019-2020 Brasil Oporto Real Madrid Éder Militão
60%
52,20 2022-2023 Brasil Manchester City Arsenal Gabriel Jesus
60%
58,00 2022-2023 Brasil Everton Tottenham Richarlison
60%
39,20 2018-2019 Brasil Watford Everton Richarlison
60%
47,00 2023-2024 Inglaterra Manchester City Chelsea Cole Palmer
59%
40,00 2020-2021 Portugal Oporto Wolverhampton Fábio Silva
59%
40,00 2021-2022 Francia Real Madrid Manchester United Raphaël Varane
59%
53,00 2020-2021 Alemania RB Leipzig Chelsea Timo Werner
59%
42,00 2023-2024 Argentina Brighton Liverpool Alexis Mac Allister
58%
39,25 2015-2016 Chile Juventus Bayern Múnich Arturo Vidal
58%
60,00 2023-2024 Uruguay Sporting Lisboa PSG Manuel Ugarte
58%
42,00 2018-2019 Brasil FC Barcelona Guangzhou Evergrande Paulinho
58%
40,00 2017-2018 Brasil Ghangzhou Evergrande FC Barcelona Paulinho
58%
41,50 2022-2023 Portugal FC Porto PSG Vitinha
58%
56,00 2016-2017 Brasil Zenit Shanghai SIPG Hulk
57%
40,00 2012-2013 Brasil Oporto Zenit Hulk
57%
41,00 2015-2016 Brasil Hoffenheim Liverpool Roberto Firmino
57%
40,00 2023-2024 Serbia Lazio Al-Hilal Sergej Milinković-Savić
57%
40,00 2023-2024 Brasil Athletico Paranaense FC Barcelona Vitor Roque
57%
42,00 2017-2018 Colombia Ajax Tottenham Davinson Sánchez
56%
46,70 2023-2024 Brasil Liverpool Al-Ittihad Fabinho
56%
45,00 2018-2019 Brasil Mónaco Liverpool Fabinho
56%
41,32 2001-2002 Portugal Fiorentina AC Milan Rui Costa
56%
80,40 2022-2023 Francia Leicester City Chelsea Wesley Fofana
56%
60,00 2023-2024 Francia RB Leipzig Chelsea Christopher Nkunku
55%
52,00 2022-2023 Argentina Atalanta Tottenham Cristian Romero
55%
43,00 2008-2009 Brasil Real Madrid Manchester City Robinho
55%
52,60 2023-2024 Serbia Fulham Al-Hilal Aleksandar Mitrovic
54%
43,88 2006-2007 Ucrania AC Milan Chelsea Andriy Shevchenko
54%
44,73 2013-2014 España Chelsea Manchester United Juan Mata
54%
62,00 2023-2024 Brasil / Portugal Wolverhampton Manchester City Matheus Nunes
54%
45,00 2022-2023 Portugal Sporting Lisboa Wolverhampton Matheus Nunes
54%
60,00 2018-2019 Guinea RB Leipzig Liverpool Naby Keïta
54%
49,50 2019-2020 Portugal LOSC Lille AC Milan Rafael Leão
54%
40,00 2017-2018 Brasil Benfica Manchester City Ederson
53%
57,00 2018-2019 Brasil / Italia Nápoles Chelsea Jorginho
53%
38,00 2022-2023 Portugal Sporting Lisboa PSG Nuno Mendes
53%
49,50 2014-2015 Brasil Chelsea PSG David Luiz
52%
38,50 2004-2005 Costa de Marfil Marsella Chelsea Didier Drogba
52%
40,00 2020-2021 Marruecos Ajax Chelsea Hakim Ziyech
52%
52,70 2017-2018 Inglaterra Tottenham Manchester City Kyle Walker
52%
50,00 2023-2024 Brasil Atlético Madrid Wolverhampton Matheus Cunha
52%
45,30 2020-2021 Países Bajos Bournemouth Manchester City Nathan Aké
52%
42,50 2021-2022 Francia RB Leipzig Bayern Múnich Dayot Upamecano
51%
44,70 2020-2021 Portugal Wolverhampton Liverpool Diogo Jota
51%
45,00 2016-2017 Suiza Bor. M'gladbach Arsenal Granit Xhaka
51%
45,00 2019-2020 México PSV Eindhoven Nápoles Hirving Lozano
51%
42,00 2022-2023 Senegal Nápoles Chelsea Kalidou Koulibaly
51%
45,00 2023-2024 Italy Paris SG Al-Arabi SC Marco Verratti
51%
44,50 2015-2016 Argentina Valencia CF Manchester City Nicolás Otamendi
51%
45,00 2001-2002 República Checa Lazio Juventus Pavel Nedved
51%
53,00 2017-2018 Francia Lyon Arsenal Alexandre Lacazette
50%
60,00 2015-2016 Francia Mónaco Manchester United Anthony Martial
50%
42,00 2022-2023 Países Bajos PSV Eindhoven Liverpool Cody Gakpo
50%
38,00 2023-2024 México Ajax West Ham Edson Álvarez
50%
40,00 2023-2024 España Sporting Lisboa Tottenham Pedro Porro
50%
42,00 2016-2015 Armenia Borussia Dortmund Manchester United Henrikh Mkhitaryan
49%
40,00 2021-2022 Francia RB Leipzig Liverpool Ibrahima Konaté
49%
38,00 2019-2020 México Benfica Wolverhampton Raúl Jiménez
49%
59,00 2018-2019 Brasil Shakhtar D. Manchester United Fred
47%
56,81 2000-2001 Argentina AC Parma Lazio Hernán Crespo
47%
40,00 2002-2003 Argentina Lazio Inter Hernán Crespo
47%
55,60 2016-2017 Inglaterra Everton Manchester City John Stones
47%
50,00 2020-2021 Argentina Inter PSG Mauro Icardi
47%
62,10 2023-2024 Bélgica Southampton Chelsea Roméo Lavia
47%
62,00 2019-2020 Francia Lyon Tottenham Tanguy Ndombélé
47%
44,60 2022-2023 Italia Fiorentina Juventus Federico Chiesa
46%
49,00 2022-2023 Inglaterra Leeds Manchester City Kalvin Phillips
46%
60,00 2023-2024 Brasil / Portugal Oporto Al-Nassr Otávio
46%
42,10 2021-2022 Brasil Lyon Newcastle United Bruno Guimarães
45%
42,00 2017-2018 Italia Juventus AC Milan Leonardo Bonucci
45%
42,95 2022-2023 Brasil Lyon West Ham Lucas Paquetá
45%
38,40 2018-2019 Brasil Flamengo AC Milan Lucas Paquetá
45%
43,00 2023-2024 Ghana Ajax West Ham Mohammed Kudus
45%
40,00 2018-2019 Portugal PSG Valencia CF Gonçalo Guedes
44%
55,00 2023-2024 Francia Bayer Leverkusen Aston Villa Moussa Diaby
44%
40,00 2018-2019 Argentina Zenit PSG Leandro Paredes
43%
40,00 2019-2020 Francia Sevilla FC Mónaco Wissam Ben Yedder
43%
58,50 2021-2022 Inglaterra Brighton Arsenal Ben White
42%
46,90 2022-2023 Brasil Torino Juventus Bremer
42%
39,00 2020-2021 Países Bajos Ajax Manchester United Donny van de Beek
41%
49,40 2017-2018 Islandia Swansea cITY Everton Gylfi Sigurdsson
41%
44,70 2017-2018 Serbia Chelsea Manchester United Nemanja Matic
41%
40,00 2023-2024 Países Bajos Bayern Múnich Liverpool Ryan Gravenberch
41%
41,00 2016-2017 Alemania Valencia CF Arsenal Shkodran Mustafi
41%
45,00 2019-2020 Bélgica Mónaco Leciester City Youri Tielemans
41%
42,00 2011-2012 Argentina US Palermo PSG Javier Pastore
40%
41,00 2021-2022 Inglaterra Chelsea AS Roma Tammy Abraham
40%
45,00 2023-2024 Francia Olympique Lyon PSG Bradley Barcola
39%
39,00 2019-2020 Suecia Atalanta Juventus Dejan Kulusevski
39%
42,60 2001-2002 Argentina Lazio Manchester United Juan Sebastián Verón
38%
40,00 2013-2014 Brasil Shakhtar D. Manchester City Fernandinho
38%
46,30 2023-2024 Inglaterra Leicester City Tottenham James Maddison
38%
40,00 2023-2024 Países Bajos Ajax Arsenal Jurrien Timber
38%
55,00 2023-2024 Gales Nottingham Forest Tottenham Brennan Johnson
37%
40,00 2017-2018 Francia / República Democrática del Congo Villarreal CF Beijing Guoan Cédric Bakambu
37%
45,60 2022-2023 Inglaterra Everton Newcastle Anthony Gordon
36%
42,00 2018-2019 República Checa Sampdoria AS Roma Patrik Schick
36%
55,00 2019-2020 Inglaterra Crystal Palace Manchester United Aaron Wan-Bissaka
35%
43,50 2019-2020 Brasil Hoffenheim Newcastle Joelinton
35%
50,00 2019-2020 France / Costa de Marfil Eintracht West Ham Sébastien Haller
35%
38,40 2021-2022 Argentina / España Norwich Aston Villa Emiliano Buendía
33%
48,00 2001-2002 España Valencia CF Lazio Gaizka Mendieta
33%
40,00 2023-2024 Bélgica Lens RB Leipzig Loïs Openda
33%
50,00 2020-2021 Inglaterra Leicester City Chelsea Ben Chilwell
32%
41,50 2017-2018 Francia Lyon Bayern Múnich Corentin Tolisso
32%
38,00 2018-2019 Bélgica AS Roma Inter Radja Nainggolan
31%
40,00 2012-2013 Brasil São Paulo PSG Lucas Moura
31%
43,00 2015-2016 Alemania FC Schalke 04 VfL Wolfsburgo Julian Draxler
30%
40,00 2012-2013 Bélgica Benfica Zenit Axel Witsel
29%
38,00 2022-2023 Francia Mónaco Chelsea Benoît Badiashile
28%
46,00 2002-2003 Inglaterra Leeds Manchester United Rio Ferdinand
28%
45,00 2023-2024 Francia Monaco Chelsea Axel Disasi
26%
46,50 2015-2016 Bélgica Aston Villa Liverpool Christian Benteke
26%
45,00 2014-2015 Francia Oporto Manchester City Eliaquim Mangala
25%
44,00 2023-2024 Inglaterra Leicester City Newcastle United Harvey Barnes
24%
44,78 2016-2017 Portugal Sporting Lisboa Inter João Mário
23%
40,00 2017-2018 Francia Mónaco Chelsea Tiemoué Bakayoko
22%
41,00 2010-2011 Inglaterra Newcastle United Liverpool Andy Carroll
20%
46,48 1999-2000 Italia Lazio Inter Christian Vieri
20%
40,00 2017-2018 Italia Fiorentina Juventus Federico Bernardeschi
16%
39,00 2016-2017 Bélgica Marsella Chelsea Michy Batshuayi
16%
50,00 2015-2016 Brasil Shakhtar D. JS Suning Alex Teixeira
15%
No se encontraron pruebas coincidentes
Distribución de puntuación
Porcentaje de gente con cada puntuación
Porcentaje por número respondido
Historial de tus puntuaciones
No has intentado esta prueba.